Loading...
| Fine Arts - Classical Music | 3 | 10.00 | 100% | 0% | 0% |
| Fine Arts - Other Fine Arts | 1 | 20.00 | 100% | 100% | 0% |
| Fine Arts - Visual Fine Arts | 1 | 10.00 | 100% | 0% | 0% |
| Geography/Current Events | 2 | 20.00 | 100% | 100% | 0% |
| History - American History | 5 | 16.00 | 100% | 60% | 0% |
| History - European History | 5 | 12.00 | 100% | 20% | 0% |
| History - Other History | 1 | 20.00 | 100% | 0% | 100% |
| History - World History | 4 | 12.50 | 75% | 25% | 25% |
| Literature - American Literature | 3 | 13.33 | 100% | 33% | 0% |
| Literature - British Literature | 4 | 15.00 | 100% | 50% | 0% |
| Literature - European Literature | 5 | 8.00 | 60% | 20% | 0% |
| Literature - World/Other Literature | 5 | 10.00 | 40% | 20% | 40% |
| Mythology | 6 | 18.33 | 100% | 50% | 33% |
| Other Academic | 2 | 20.00 | 100% | 100% | 0% |
| Philosophy | 6 | 10.00 | 100% | 0% | 0% |
| Pop Culture | 1 | 30.00 | 100% | 100% | 100% |
| Religion | 4 | 15.00 | 100% | 50% | 0% |
| Science - Biology | 5 | 8.00 | 60% | 20% | 0% |
| Science - Chemistry | 4 | 7.50 | 75% | 0% | 0% |
| Science - Other Science | 2 | 15.00 | 100% | 50% | 0% |
| Science - Physics | 4 | 10.00 | 100% | 0% | 0% |
| Social Science | 3 | 13.33 | 100% | 0% | 33% |
| World/Other Literature> | 1 | 10.00 | 100% | 0% | 0% |